000 00832nam a2200265Ia 4500
008 160216s9999 xx 000 0 und d
020 _a978-0-7890-2718-4
050 _aMAIN Z 711.47
050 _b.I47 2004
245 _aImproving internet reference services to distance learners /
245 _cedited by William Miller, Rita M. Pellen.
260 _aBinghamton, NY :
260 _bHaworth Information Press.
260 _c2004
300 _a219 pages :
300 _bill. ;
300 _c22 cm.
500 _aIncludes bibliographical references and index.
650 _aElectronic reference services (Libraries) --
650 _aInternet in library reference sevices --
650 _aLibraries and distance education.
650 _xUnited States.
650 _xUnited States.
650 _xUnited States.
999 _c290830
_d290830